| 000 | 01423nam0a22003491 4500 | ||
|---|---|---|---|
| 001 | RU\INFOCOMM_322\NLR\5000175877 | ||
| 005 | 20250613110550.0 | ||
| 035 | _a(NLR Aleph) 009567036 | ||
| 090 |
_a9105334 _c9105334 |
||
| 100 | _a20130213d1968 |||y0rusy50 ca | ||
| 101 | 0 | _aeng | |
| 102 | _aRU | ||
| 105 | _ay z ||||| | ||
| 200 | 1 |
_aPower systems _fBy Prof. L. G. Mamikoniants, D. Sc. [and] Prof. V. A. Venikov, D. Sc. ... |
|
| 210 |
_a[M. _d1968] |
||
| 215 |
_a33 с. _d22 см |
||
| 225 | 1 |
_aGeneral report _fVII World power conference, Москва, 20-24 авг. 1968. Section C₅ |
|
| 300 | _aБез тит. л. и обл. | ||
| 300 | _aНадзаголовок также на рус. яз.: VII Мировая энергетическая конференция; и на фр. яз.: VII Conférence mondiale de l'énergie | ||
| 309 | _aОтпеч. множит. аппаратом | ||
| 606 | 0 |
_aЭнергетические системы объединенные _92106245 _3RU\NLR\AUTH\661273309 |
|
| 620 | _aМосква | ||
| 686 |
_aТ7-860 _2rubbk |
||
| 700 | 1 |
_9z02790 _aMamikonjanc _bL. G. _gLev Grazdanovič |
|
| 701 | 1 |
_aVenikov _bV. A. _gValentin Andreevič |
|
| 712 | 1 | 2 |
_aWorld power conference _d7 _eMoscow _f1968 _4570 |
| 790 | 1 |
_9z02700 _aMamikoniants _bL. G. _4070 |
|
| 801 | 1 |
_aRU _bInfocomm _c20130213 |
|
| 801 | 0 |
_aRU _bINFOCOMM _gPSBO |
|
| 852 |
_aNLR _jТ21 Д-6/7 |
||
| 942 | _cBOOK | ||
| 980 | _aNB | ||